More advanced quantity surveying [new edit] in collaboration with D. Newman (Record no. 88363)

MARC details
000 -LEADER
fixed length control field 00572cam a2200205 4500
001 - CONTROL NUMBER
control field D9907
008 - FIXED-LENGTH DATA ELEMENTS--GENERAL INFORMATION
fixed length control field 090401t1984 xxu||||| |||| 00| 0 eng d
035 ## - SYSTEM CONTROL NUMBER
System control number (Sirsi) u23248
041 ## - LANGUAGE CODE
Language code of text/sound track or separate title eng
050 ## - LIBRARY OF CONGRESS CALL NUMBER
Classification number 692.5
100 ## - MAIN ENTRY--PERSONAL NAME
Personal name Willis, Christopher J
245 ## - TITLE STATEMENT
Title More advanced quantity surveying [new edit] in collaboration with D. Newman
260 ## - PUBLICATION, DISTRIBUTION, ETC.
Place of publication, distribution, etc. London
Name of publisher, distributor, etc. Granada
Date of publication, distribution, etc. 1984
300 ## - PHYSICAL DESCRIPTION
Extent 154p. illus. 31cm
350 ## - PRICE (NR) (BK AM CF MU VM SE) [OBSOLETE]
Price 12.5
520 ## - SUMMARY, ETC.
Summary, etc. Previous edition by A. J. Willis and Christopher J. Willis
700 ## - ADDED ENTRY--PERSONAL NAME
Personal name Moseley, A.L.
942 ## - ADDED ENTRY ELEMENTS (KOHA)
Suppress in OPAC 0
948 ## - LOCAL PROCESSING INFORMATION (OCLC); SERIES PART DESIGNATOR (RLIN)
c (OCLC) 04/03/1997
Holdings
Withdrawn status Lost status Source of classification or shelving scheme Damaged status Not for loan Home library Current library Shelving location Date acquired Cost, normal purchase price Total Checkouts Full call number Barcode Date last seen Date last checked out Copy number Cost, replacement price Price effective from Koha item type
    Dewey Decimal Classification     London London Basement 14/09/1999 12.50 2 SHELF 116 30021161 06/08/2019 10/10/2001 1 12.50 06/08/2019 Book